[Event "Platense-ch"]
[Site "La Plata"]
[Date "2018.01.04"]
[Round "2"]
[White "Yalet, Nestor Antonio"]
[Black "Gardes, Alfredo"]
[Result "1/2-1/2"]
[WhiteElo "1583"]
[BlackElo "1722"]
[PlyCount "95"]
[EventDate "2018.01.03"]
[EventType "swiss"]
[EventRounds "9"]
[EventCountry "ARG"]
[SourceTitle "EXT 2019"]
[Source "ChessBase"]
[SourceDate "2018.10.10"]
[SourceVersion "1"]
[SourceVersionDate "2018.10.10"]
[SourceQuality "1"]

1. d4 d5 2. Nf3 Nf6 3. Bf4 e6 4. e3 Bd6 5. Bg3 Nbd7 6. Bd3 0-0 7. 0-0 Bxg3 8. hxg3 Ng4 9. Nbd2 f5 10. c4 c6 11. Rc1 Ndf6 12. Re1 Ne4 13. Bxe4 fxe4 14. Ne5 Nxf2 15. Qh5 Rf5 16. Qe2 Rxe5 17. Qxf2 Rf5 18. Qe2 Qg5 19. g4 Rf6 20. Rf1 Bd7 21. Rxf6 Qxf6 22. Rf1 Qe7 23. c5 Rf8 24. a4 e5 25. Rxf8+ Kxf8 26. b4 exd4 27. exd4 Qf6 28. Qf2 Bxg4 29. Qxf6+ gxf6 30. Nf1 b6 31. cxb6 axb6 32. a5 bxa5 33. bxa5 Bc8 34. Nd2 e3 35. Nb3 Ba6 36. Nc5 Bb5 37. a6 Bxa6 38. Nxa6 Ke7 39. Nb4 Kd6 40. Nc2 c5 41. dxc5+ Kxc5 42. Nxe3 d4 43. Nd1 Kc4 44. Kf1 Kd3 45. Ke1 f5 46. Nf2+ Ke3 47. Nd1+ Kd3 48. Nf2+ 1/2-1/2

[Event "La Plata op"]
[Site "La Plata"]
[Date "2017.01.06"]
[Round "3.3"]
[White "Boassi, Leandro"]
[Black "Gardes, Alfredo"]
[Result "1-0"]
[WhiteElo "1800"]
[BlackElo "1743"]
[PlyCount "139"]
[EventDate "2017.01.01"]
[EventType "swiss"]
[EventRounds "6"]
[EventCountry "ARG"]
[SourceTitle "EXT 2024"]
[Source "ChessBase"]
[SourceDate "2023.10.10"]
[SourceVersion "1"]
[SourceVersionDate "2023.10.10"]
[SourceQuality "1"]

1. d4 d5 2. c4 e6 3. Nc3 c6 4. e3 Nf6 5. Nf3 Be7 6. Qc2 0-0 7. Bd3 Nbd7 8. b3 b6 9. 0-0 Bb7 10. Bb2 Rc8 11. Ne5 h6 12. f4 c5 13. Rad1 a6 14. cxd5 Nxd5 15. Nxd5 exd5 16. Qe2 b5 17. Bf5 Bc6 18. dxc5 Nxe5 19. Bxe5 Ra8 20. b4 Bf6 21. Bd4 Bxd4 22. Rxd4 Qf6 23. Bg4 Rfe8 24. Qd2 Re7 25. Bf3 Rae8 26. Re1 Rd7 27. g3 Red8 28. Rd1 Qe6 29. Qf2 Re8 30. R1d3 f5 31. Bh5 g6 32. Bd1 Kg7 33. Bb3 Red8 34. Qc2 Qe7 35. Qg2 h5 36. Kf2 Qe6 37. Bd1 Re8 38. Bf3 Kf8 39. Bxd5 Bxd5 40. Rxd5 Red8 41. Rxd7 Rxd7 42. Rxd7 Qxd7 43. Qf3 Qd2+ 44. Qe2 Qxb4 45. Qc2 Ke8 46. c6 Kd8 47. Qd3+ Kc7 48. Qd7+ Kb6 49. c7 Qb2+ 50. Kf3 Qc1 51. Qd6+ Kb7 52. Kg2 Qxc7 53. Qxg6 Qc2+ 54. Kh3 Qxa2 55. Qxf5 Qc4 56. e4 Qc8 57. Kh4 b4 58. Qf7+ Qc7 59. Qd5+ Kb6 60. f5 Qe7+ 61. Kxh5 Qf6 62. g4 Qh8+ 63. Kg5 Qg7+ 64. Kf4 Qh6+ 65. Ke5 Qxh2+ 66. Ke6 Qf4 67. f6 Qxg4+ 68. Qf5 Qd1 69. f7 Qb3+ 70. Ke7 1-0